00431nam a22001457a 450000500170000001000120001702000260002903700230005508200060007810000240008424500520010826000360016027000690019630000200026520260228160634.0 aBACEN26 a9789373577869c165.00 bPangram Publishers aN aWilliam Shakespeare aA Mid Summer Nights Dream/cWilliam Shakespeare aDelhibPangram Publishersc2025 aA 208, 2nd Floor, North Ex Mall, Sector-9, RohinibDelhie110085 a109.pc22cm(pb)